000 00244nam a22001217a 4500
003 SGT
082 _a370
_bSHA
100 _aSHAH, N.M
245 _aSTATISTICS FOR ECONOMICS
260 _aDELHI
_bARYA
_c2018
300 _a406
942 _2ddc
_cBK
999 _c19023
_d19023